Normal view
MARC view
- Lively, H. M.
Entry Personal Name
001 - CONTROL NUMBER
- control field: 45390
003 - CONTROL NUMBER IDENTIFIER
- control field: OSt
005 - DATE AND TIME OF LATEST TRANSACTION
- control field: 20220606105246.0
008 - FIXED-LENGTH DATA ELEMENTS
- fixed length control field: 220606|| aca||aabn | a|a d
040 ## - CATALOGING SOURCE
- Original cataloging agency: OSt
- Transcribing agency: OSt
100 ## - HEADING--PERSONAL NAME
- Personal name: Lively, H. M.
- Relator term: Author.
670 ## - SOURCE DATA FOUND
- Source citation: Work cat.: (OSt): Mastracchio, Nicholas J., Jr. 45389, Multiple auditing standards intensify the dilemma of what to teach:, ©2012.
